Проблемы химии комплексонов: сборник научных статей

Библиографические подробности
Автор-организация: Калининский государственный университет
Язык:русский
Опубликовано: Калинин, Изд-во КГУ, 1985
Предметы:
Формат: MixedMaterials Книга
Запись в KOHA:https://koha.lib.tpu.ru/cgi-bin/koha/opac-detail.pl?biblionumber=276117

MARC

LEADER 00000nam0a2200000 4500
001 276117
005 20251220071622.0
035 |a (RuTPU)RU\TPU\book\299375 
090 |a 276117 
100 |a 20141119d1985 k y0rusy5003 ca 
101 0 |a rus 
102 |a RU 
105 |a a z 001zy 
200 1 |a Проблемы химии комплексонов  |e сборник научных статей  |f Калининский государственный университет 
210 |a Калинин  |c Изд-во КГУ  |d 1985 
215 |a 140 с.  |c ил. 
320 |a Библиография в конце статей 
606 1 |a Комплексоны  |x Химия  |2 stltpush  |3 (RuTPU)RU\TPU\subj\75902  |9 87432 
610 1 |a физико-химическое изучение 
610 1 |a синтез 
610 1 |a устойчивость 
610 1 |a константы 
610 1 |a металлы 
610 1 |a твердые комплексы 
610 1 |a строение 
610 1 |a биологическая активность 
610 1 |a применение 
610 1 |a сельское хозяйство 
675 |a 547.1-386  |z rus  |v 4 
712 0 2 |7 ca  |8 rus  |a Калининский государственный университет  |c 1971-1990  |2 stltpush  |3 (RuTPU)RU\TPU\col\6821  |9 24273 
801 0 |a RU  |b RuMRKP  |c 19950704  |g psbo 
801 1 |a RU  |b 63413507  |c 20141119 
801 2 |a RU  |b 63413507  |c 20170131  |g RCR 
942 |c BK